| 000 | 00819nam a2200253Ia 4500 | ||
|---|---|---|---|
| 003 | GCL | ||
| 008 | 140319s9999 xx 000 0 ara d | ||
| 020 | _a3863301977 | ||
| 040 |
_aGCL / _cGCL |
||
| 082 | 0 | 4 |
_a158 _bس ا |
| 100 | 1 | _aسيد صبحى | |
| 245 | 1 | 0 |
_aالانسان و صحته النفسية / _cسيد صبحى |
| 250 | _aالاولى | ||
| 260 |
_aالقاهرة : _bالهيئة المصرية العامة للكتاب ، _c2003 |
||
| 300 |
_a359 ص ؛ _c25 سم |
||
| 490 |
_aمكتبة الاسرة _v0 |
||
| 650 | 0 | 4 | _aالصحة النفسية |
| 650 | 0 | 4 | _aالخدمة الاجتماعية |
| 650 | 0 | 4 | _aالصحة العقلية |
| 650 | 0 | 4 | _aالامراض النفسية |
| 650 | 0 | 4 | _aالارشاد النفسى |
| 650 | 0 | 4 | _aالشخصية - اضطرابات |
| 942 |
_2ddc _cBK |
||
| 999 |
_c6852 _d6852 |
||